The Simpsons-Character Quiz Level 26 - Statistics

General Stats
  • This quiz has been taken 8 times
  • The average score is 4 of 16
Answer Stats
Picture Answer % Correct
The Human Fly
100%
Alex Whitney
50%
C.H.U.M.
50%
Donny
50%
Headmaster Greystash
50%
Kearney Zzyzwicz, Jr.
50%
Bestimus Muchos
0%
Johnny
0%
Little Moe Szyslak
0%
Malicious Krubb
0%
Ms. Mouse
0%
Nikki McKenna
0%
Norm Peterson
0%
Quinn Hopper
0%
Stephanie Brockman
0%
Tanya
0%
No matching quizzes found
Score Distribution
Percent of People with Each Score
Percentile by Number Answered
Your Score History
You have not taken this quiz